Statistics for Mal's General Knowledge 5

Click here to take the quiz!

General Stats

  • This quiz has been taken 694 times
  • The average score is 10 of 20

Answer Stats

Hint Answer % Correct
Which is the largest of the Planets in the Solar SystemJupiter
92%
The 'Seychelles' islands are in which OceanIndian
88%
Who painted the ceiling of the Sistine Chapel in RomeMichelangelo
86%
Which gas filled the ill-fated zeppelin 'Hindenburg'Hydrogen
83%
What is the capital of RomaniaBucharest
76%
Which lake found in Scotland has the greatest volume of water of any in Britain at 7.5 cu kmLoch Ness
73%
What animal is 'Panthera leo'Lion
69%
Who wrote 'The Three Musketeers'Alexandre Dumas
61%
What is the transition metal which has the periodic symbol 'Co'Cobalt
59%
What type of musical instrument is a 'High-Hat'Cymbal
57%
In 1956 what became the 'official' motto of the USAIn God We Trust
38%
What is the largest Island in Indonesia at 164,000 sq. milesSumatra
35%
A 'Vespa' is a motorscooter, What does 'Vespa' mean in ItalianWasp
29%
Which amphibious mammal lives in a 'Holt'Otter
27%
In a human body, where are the 'Islets of Langerhans' situatedPancreas
24%
What is the popular nickname of 'Gin'Mother's Ruin
16%
In Mythology, What was the God Jupiter's primary sacred animalEagle
16%
Who employed Henry Ford before he formed his own companyThomas Edison
10%
Which 16th Century astronomer wrote about a voyage to the moon in 'Somnium'Johannes Kepler
9%
Who said "Ballads and Babies, that's what happened to me"Paul McCartney
2%

Score Distribution

Percentile by Number Answered

Percent of People with Each Score

Your Score History

You have not taken this quiz